Evaluación y seguimiento en parvulario y ciclo inicial: pautas de observación

Wedi'i Gadw mewn:
Manylion Llyfryddiaeth
Awduron Corfforaethol: Servicio Municipal de Asesoramiento Psicopedagógico de Sant Boi de Llobregat, Servicio Municipal de Asesoramiento Psicopedagógico de Sant Just Desvern
Fformat: Llyfr
Iaith:Sbaeneg
Cyhoeddwyd: Madrid, España Visor libros 1986
Rhifyn:Segunda edición
Cyfres:Colección Aprendizaje Visor. 15
Pynciau:
Tagiau: Ychwanegu Tag
Dim Tagiau, Byddwch y cyntaf i dagio'r cofnod hwn!

MARC

LEADER 00000nam a2200000 a 4500
001 UCW3796
003 CL-VaPUC
005 20210619001607.0
008 890329e19860000SP |||||||||||||||||spa|d
999 |c 217686  |d 217684 
040 |c Pontificia Universidad Católica de Valparaíso 
082 0 4 |a 371.26 SER 1986  |2 21 
110 2 |a Servicio Municipal de Asesoramiento Psicopedagógico de Sant Boi de Llobregat  |9 308176 
245 1 0 |a Evaluación y seguimiento en parvulario y ciclo inicial: pautas de observación 
250 |a Segunda edición 
260 0 3 |a Madrid, España  |b Visor libros  |c 1986 
300 |a 123 páginas 
490 0 |a Colección Aprendizaje Visor.  |v 15 
583 |a last modification  |c 20170913 12:44:05  |k Rodrigo Vera 
650 0 |a Educación preescolar  |9 260381 
650 0 |a Jardines infantiles  |9 307427 
650 0 |a Educación básica   |9 224933 
710 2 |a Servicio Municipal de Asesoramiento Psicopedagógico de Sant Just Desvern  |9 308177 
942 |c BK  |2 ddc 
945 |d 19890329 00:00:00 
952 |0 0  |1 0  |2 ddc  |4 0  |6 371_260000000000000_SER_1986  |7 0  |8 P  |9 205770  |a BIBEDU  |b BIBEDU  |c BIBEDU_PB  |d 2019-11-15  |i 2736993  |o 371.26 SER 1986  |p 2736993  |r 2024-01-25  |t 1  |w 2019-11-15  |y BK  |k EDU